| 000 | 00846nam a2200253 i 4500 | ||
|---|---|---|---|
| 001 | bg | ||
| 100 | 1 | _aTURNHAM, David | |
| 245 | 1 | 0 |
_aEmployment and development : _ba new review of evidence / _cby David Turnham ; Organisation for Economic Co-operation and Development. |
| 260 |
_aParis : _bOECD, _c1993. |
||
| 300 |
_a276 s. : _brys., wykr. ; _c24 cm. |
||
| 490 | 1 | _a(Development Centre Studies) | |
| 504 | _aBibliogr. s. 255-276. | ||
| 610 | 2 | 9 | _aOrganizacja Współpracy Gospodarczej i Rozwoju |
| 650 | 9 |
_aZatrudnienie _xzagadnienia _yod 1945 r. |
|
| 650 | 9 |
_aBezrobocie _xzagadnienia _yod 1945 r. |
|
| 830 | _a(Development Centre Studies) | ||
| 020 | _a9264138420 | ||
| 040 | _cBPK | ||
| 041 | 0 | _aen | |
| 080 | _a331.5:339.9](100)"1945/..." | ||
| 920 | _a92-64-13842-0 | ||
| 942 | _cKS | ||
| 008 | s pl f |000 0 pol | ||
| 999 |
_c31429 _d31429 |
||
| 856 |
_uhttp://koha.tu.koszalin.pl/cgi-bin/koha/opac-detail.pl?biblionumber=31429 _yKatalog online BPK |
||